| 000 | 01309cab a2200361 4500 | ||
|---|---|---|---|
| 001 | ABS46633 | ||
| 008 | 090401t1992 xxu||||| |||| 00| 0 eng d | ||
| 035 | _a(Sirsi) u58936 | ||
| 041 | _aeng | ||
| 100 | _aEdwards, M. | ||
| 245 | _a1991 - a time to reflect | ||
| 260 | _c1992 | ||
| 350 | _a0 | ||
| 490 |
_aEstates Gazette _v(9923) 13 June 1992, 103-106(4) |
||
| 520 | _aReview of planning events in 1991, a landmark year ranking in importance with 1947. Looks is detail at the Planning and Compensation Act and at events relevant to planning obligations, planning giai, development plans,, local plans, enforcement and affordable housing. Discusses relevant case law. | ||
| 650 | _aDEVELOPMENT PLANS | ||
| 650 | _aDOE CIRCULAR 16/1991 | ||
| 650 | _aDOE CIRCULAR 07/1991 | ||
| 650 | _aHORSHAM DC V SOS FOR THE ENVIRONMENT AND MARGRAM | ||
| 650 | _aLOCAL DEVELOPMENT PLANS | ||
| 650 | _aPLANNING AND COMPENSATION ACT 1991 | ||
| 650 | _aPLANNING GAIN | ||
| 650 | _aPLANNING OBLIGATIONS | ||
| 650 | _aPLANNING POLICY GUIDANCE NOTE 1 | ||
| 650 | _aPLANNING POLICY GUIDANCE NOTE 12 | ||
| 650 | _aPPG1 | ||
| 650 | _aPPG12 | ||
| 650 | _aSAFEWAY PROPERTIES V SOS ENVIRONMENT | ||
| 690 | _aPLANNING LAW AND PRACTICE | ||
| 700 | _aMcCafferty, A. | ||
| 942 | _n0 | ||
| 948 | _c04/03/1997 | ||
| 999 |
_c36062 _d36062 |
||